000 00474nmm a2200169Ia 4500
008 251105s9999||||xx |||||||||||||||||und||
020 _a9788492531707
041 _aspa
100 _aLópez Piña, Concha
245 0 _aEl doble o el aprendiz de Fausto
264 _a[Madrid, España] :
_bEdiciones Antígona,
_c2011
300 _a68 páginas
490 _aTeatro
650 _aSpanish theater
856 _uhttps://public.digitaliapublishing.com/a/24204
942 _cCF
999 _c88911
_d88911